000 00427nam a22001697a 4500
003 MACL
005 20151018133204.0
008 151018b xxu||||| |||| 00| 0 eng d
040 _cMACL
041 _aEnglish
082 _a920/SHE
100 _aSheean Vincent
_915416
245 _aMahatma Gandhi
_bA Great Life In Brief
260 _aFaridabad
_bPublications Division
_c1968
650 _aBiography
_915834
942 _2ddc
_cBK
999 _c50379
_d50379